000 00378nam a22001457a 4500
003 macl
005 20180527161210.0
008 180527b xxu||||| |||| 00| 0 eng d
040 _cmacl
100 _aSingh, M K
_972627
245 _aDisaster Management :Mafor Events and Existing Framework
260 _adelhi
_bRajat
_c2014
650 _aEnvironment
_972628
942 _2ddc
_cBK
999 _c58143
_d58143